The muslim world: a journal devoted to the study of islam and christian- muslim relations (Record no. 38701)

MARC details
000 -LEADER
fixed length control field 00494nam a2200169Ia 4500
022 ## - INTERNATIONAL STANDARD SERIAL NUMBER
ISSN 00274909
050 ## - CALL MARK
Classification number BP 163 .M87/
245 #4 - TITLE STATEMENT
Title The muslim world: a journal devoted to the study of islam and christian- muslim relations
260 ## - PUBLICATION, DISTRIBUTION, ETC. (IMPRINT)
Place of publication Cleveland, Ohio
260 ## - PUBLICATION, DISTRIBUTION, ETC. (IMPRINT)
Name of publisher Department of Religious Studies
260 ## - PUBLICATION, DISTRIBUTION, ETC. (IMPRINT)
Year of publication 2005
300 ## - PHYSICAL DESCRIPTION
Number of Pages i. , 325- 471 p. ; 23 cm.
650 ## - SUBJECT ADDED ENTRY--TOPICAL TERM
Topical Term Islam--periodicals
942 ## - ADDED ENTRY ELEMENTS (KOHA)
Koha item type Serials

No items available.